El lenguaje de programación C++ (Registro nro. 13741)

Detalles MARC
000 -Cabecera
Campo de control interno 00443nam a2200181Ia 4500
005 - Fecha y hora del registro
control field 20260306164823.0
008 - Elementos de Longitud Fija
fixed length control field 260306t2002||||xx |||||||||||||| ||spa||
041 ## - Idioma
Codigo Idioma ESP
082 ## - DEWEY y NOTACIÓN INTERNA
Dewey 005.133C2
Notación Interna S83 2002
100 ## - AUTOR
Autor denominación Stroustrup, Bjarne
Término de relación autor
245 #0 - TÍTULO DE MATERIAL BIBLIOGRÁFICO
Título El lenguaje de programación C++
260 ## - CIUDAD, EDITORIAL, AÑO
Año 2002
300 ## - DESCRIPCIÓN
N° Páginas xvi, 1072 páginas :
Dimensiones 25 cm.
650 ## - TEMAS
Temas Generalidades
654 ## - PROGRAMAS
Programa
942 ## - ELEMENTOS DE KOHA
Tipo de documento Libro
Nombre del creador Justo Noguera
Código de catalogador Justo Noguera
Esquema de clasificación Dewey Decimal Classification
Suppress in OPAC
Existencias
Codigo completo Registro Colección Copia número Disponibilidad Tipo de préstamo Biblioteca Actual Procedencia (Biblioteca) Ubicacón Fecha Ingreso Tipo de Adquisición Date last seen Total checkouts Date last checked out Price effective from Tipo de Item Estado del Material Fuente de Clasificación Damaged status Withdrawn status
005.133C2 S83 2002 U0015110 Universidad Católica San Pablo 3 Disponible Disponible Víctor Andrés Belaunde Víctor Andrés Belaunde Segundo piso 03/06/2026 Compra 06/04/2026 1 01/04/2026 06/03/2026 Libro Bueno Dewey Decimal Classification